| 000 -LEADER |
| fixed length control field |
00284nam a2200121Ia 4500 |
| 008 - FIXED-LENGTH DATA ELEMENTS--GENERAL INFORMATION |
| fixed length control field |
200103s9999||||xx |||||||||||||| ||und|| |
| 082 ## - DEWEY DECIMAL CLASSIFICATION NUMBER |
| Classification number |
Column-8 |
| 100 ## - MAIN ENTRY--PERSONAL NAME |
| Personal name |
HMSO |
| 245 #0 - TITLE STATEMENT |
| Title |
Oil Record Book (part 1) Machinery Space Operations |
| 260 ## - PUBLICATION, DISTRIBUTION, ETC. (IMPRINT) |
| Name of publisher, distributor, etc |
HMSO |
| 942 ## - ADDED ENTRY ELEMENTS (KOHA) |
| Item type |
Books |